00362nam a22001217a 4500100002400000245003600024260004300060300000900103563000700112942001200119999001900131952009000150 aProf. Amir Ali Khan aDictionary of linguistics terms aIslamabad:bMuqtadra qaumi zubanc2010 a257p aHB 2ddccBK c614721d614721 00102ddc40709642351aCLbCLd2025-09-20l0pCL-D-2866r2025-09-20w2025-09-20yBK